| 000 | 01830nam a2200277Ia 4500 | ||
|---|---|---|---|
| 999 |
_c40626 _d40626 |
||
| 001 | 7253 | ||
| 003 | GE_BSU | ||
| 005 | 20191218172743.0 | ||
| 008 | 181216s2013||||ge |||||||||||||| ||geo|| | ||
| 020 | _a9789941210594 | ||
| 040 | _cGE_BSU | ||
| 041 | _ageo | ||
| 080 | _a27-788(=353.1)(100) ა-37 | ||
| 245 |
_aათონელი მამები : _bნაწ. I. წმინდა იოანე და ექვთიმე მთაწმინდელები ; წმინდა გაბრიელ ქართველი ; იოანე თორნიკყოფილი ; წმინდა არსენ ნინოწმინდელი ; წმინდა იოანე ხახულელი ; წმინდა გიორგი მაშენებელი. _cშემდგ. სოფიო თავაძე ; პროექტის რედ. თამარ მამაცაშვილი. |
||
| 264 |
_aთბილისი : _bპალიტრა L, _c2013. |
||
| 300 |
_a152 გვ. ; _b20 სმ. |
||
| 490 |
_aსაქართველოს იმედი : ყველა წმინდანი, რომელთა შესახებაც უნდა იცოდე, _v წ. 14. _x2298-0547 |
||
| 653 | _aათონელი მამები | ||
| 653 | _aრელიგია | ||
| 653 | _a ქართველი წმინდანები | ||
| 653 | _aქართული ეკლესია-მონასტრები საზღვარგარეთ | ||
| 653 | _aსაგალობლები | ||
| 700 |
_aთავაძე, სოფიო _eშემდგენელი _95013 |
||
| 700 |
_aმამაცაშვილი, თამარ _eრედაქტორი _95861 |
||
| 942 |
_cBK _2udc |
||